00410 2200157 4500245006200000020001800062250001100080100003000091650001600121005001900137260004200156041001400198084000800212300002300220336000900243 aDua Belas Pendar BintangcAlexandra Leirissa-YunadihText a979-22-2448-3 aCet. 1 aAlexandra Leirissa-Yunadi aNovel Fiksi a20230110071102 aJakartabGramedia Pustaka Utamac2006 aIndonesia a813 a272 hlm. :c20 cm. atext